| 000 -LEADER |
| fixed length control field |
00782nam a2200241Ia 4500 |
| 001 - CONTROL NUMBER |
| control field |
1995 |
| 003 - CONTROL NUMBER IDENTIFIER |
| control field |
GE_BSU |
| 005 - DATE AND TIME OF LATEST TRANSACTION |
| control field |
20221222122343.0 |
| 008 - FIXED-LENGTH DATA ELEMENTS--GENERAL INFORMATION |
| fixed length control field |
181216s2005ru xx |||||||||||||| ||rus|| |
| 020 ## - INTERNATIONAL STANDARD BOOK NUMBER |
| International Standard Book Number |
5160024891 |
| 040 ## - CATALOGING SOURCE |
| Transcribing agency |
GE_BSU |
| 041 ## - LANGUAGE CODE |
| Language code of text/sound track or separate title |
rus |
| 080 ## - UNIVERSAL DECIMAL CLASSIFICATION NUMBER |
| Universal Decimal Classification number |
349.2(075.32) П-12 |
| 100 ## - MAIN ENTRY--PERSONAL NAME |
| Personal name |
Панина, А. Б. |
| 9 (RLIN) |
15160 |
| 245 ## - TITLE STATEMENT |
| Title |
Трудовое право : |
| Remainder of title |
Учебное пособие для среднего проф. образ-я / |
| Statement of responsibility, etc. |
А.Б. Панина. |
| 250 ## - EDITION STATEMENT |
| Edition statement |
2-е испр.и допол. |
| 264 ## - PRODUCTION, PUBLICATION, DISTRIBUTION, MANUFACTURE, AND COPYRIGHT NOTICE |
| Place of production, publication, distribution, manufacture |
Москва : |
| Name of producer, publisher, distributor, manufacturer |
Форум-Инфра-М, |
| Date of production, publication, distribution, manufacture, or copyright notice |
2005. |
| 300 ## - PHYSICAL DESCRIPTION |
| Extent |
288 стр. |
| 653 ## - INDEX TERM--UNCONTROLLED |
| keyword |
Трудовое право |
| 653 ## - INDEX TERM--UNCONTROLLED |
| keyword |
შრომის კოდექსი |
| 653 ## - INDEX TERM--UNCONTROLLED |
| keyword |
სამართალი |
| 942 ## - ADDED ENTRY ELEMENTS (KOHA) |
| Koha item type |
წიგნი |
| Source of classification or shelving scheme |
|